Budoucnost svobody neliberální demokracie v USA i ve světě
Salvato in:
| Autore principale: | |
|---|---|
| Natura: | Libro |
| Lingua: | ceco |
| Pubblicazione: |
Bratislava
Academia
2012
|
| Serie: | XXI. století
sv. 14 |
| Soggetti: | |
| Tags: |
Nessun Tag, puoi essere il primo ad aggiungerne!!
|
MARC
| LEADER | 00000nam a2200000 4500 | ||
|---|---|---|---|
| 001 | 0150887 | ||
| 005 | 20240313085625.5 | ||
| 020 | |a 978-80-200-2037-6 | ||
| 041 | 0 | |a cze | |
| 044 | |a CZ | ||
| 245 | 1 | 0 | |a Budoucnost svobody |b neliberální demokracie v USA i ve světě |c Fareed Zakaria |
| 264 | 1 | |a Bratislava |b Academia |c 2012 | |
| 300 | |a 275 s. | ||
| 490 | 1 | |a XXI. století |v sv. 14 | |
| 830 | 0 | |a XXI. století |v sv. 14 | |
| 610 | 2 | 0 | |a demokracia |
| 610 | 2 | 0 | |a sloboda |
| 610 | 2 | 0 | |a politika svetová |
| 610 | 2 | 0 | |a politológia |
| 610 | 2 | 0 | |a islam |
| 610 | 2 | 0 | |a USA |
| 100 | 1 | |a Zakaria, Fareed | |